Tools - Saws - Statistics

General Stats
  • This quiz has been taken 19 times
  • The average score is 6 of 11
Answer Stats
Picture Answer % Correct
Chainsaw
93%
Hand Saw
87%
Table Saw
87%
Jig Saw
80%
Band Saw
60%
Miter Saw
53%
Circular Saw
47%
Hacksaw
40%
Reciprocating Saw
20%
Rotary Saw
13%
Oscillating Saw
7%
No matching quizzes found
Score Distribution
Percent of People with Each Score
Percentile by Number Answered
Your Score History
You have not taken this quiz